000
00319nam a22001337a 4500
003
SGT
020
_a
978-93-5025-940-5
082
_a
611
_b
D14P
100
_a
PHULARI, RASHMI G.S.
245
_a
TB. OF DENTAL ANATOMY , PHYSIOLOGY & OCCLUSION
260
_a
INDIA
_b
JAYPEE PUB
_c
2014
300
_a
369
942
_2
ddc
_c
BK
999
_c
18262
_d
18262